000 00631nam a2200217 a 4500
001 000034801
005 20200930073919.0
008 111020s1974 sp 000 p spa d
040 _aDO-SdBNP
_bspa
_cBNPHU
082 _axxxx
_bM433t
100 1 _aMatos Paoli, Francisco
_99210
245 1 0 _aTestigo de la esperanza /
_cFrancisco Matos Paoli.
260 _aBarcelona :
_bUniversitaria,
_c1974.
300 _a132 p. ;
_c18 cm.
490 1 _aUprex
490 1 _aPoesía
590 _aPerteneció a la biblioteca personal de Juan Isidro Jimenes Grullón.
830 0 _aUprex
_960312
830 0 _aPoesía
_91183
049 _aBNGR
999 _c34292
_d34292